|
|
|
|
| LEADER |
01410nam a2200313 a 4500 |
| 001 |
16959 |
| 003 |
BD-DhAAL |
| 008 |
101101s2007 nyua b 001 0 eng d |
| 010 |
|
|
|a 2006046376
|
| 020 |
|
|
|a 0195300483
|
| 020 |
|
|
|a 9780195300482
|
| 020 |
|
|
|a 9780195300482
|
| 040 |
|
|
|a DLC
|c DLC
|d BAKER
|d C#P
|d YDX
|d BTCTA
|d YDXCP
|d DLC
|d BD-DhAAL
|
| 082 |
0 |
0 |
|a 537
|2 22
|
| 100 |
1 |
|
|a Sadiku, Matthew N. O.
|
| 245 |
1 |
0 |
|a Elements of electromagnetics /
|c Matthew N.O. Sadiku.
|
| 250 |
|
|
|a Fourth edition.
|
| 260 |
|
|
|a New York :
|b Oxford University Press,
|c 2007.
|
| 300 |
|
|
|a xvii, 818 p. :
|b ill. ;
|c 25 cm
|
| 490 |
0 |
|
|a Oxford series in electrical and computer engineering
|
| 504 |
|
|
|a Includes bibliographical references and index.
|
| 526 |
|
|
|a MNS
|x Iftekhar Mohammad Shafiqul Kalam
Faculty member of Mathematics and Natural Sciences (MNS)
|
| 541 |
|
|
|e 16959
|a Essence Science Publications
|
| 650 |
|
0 |
|a Electromagnetism.
|9 49270
|
| 830 |
|
|
|a Oxford series in electrical and computer engineering
|9 57797
|
| 852 |
4 |
|
|a Ayesha Abed Library
|c General Stacks
|
| 942 |
0 |
0 |
|0 1
|2 ddc
|c BK
|
| 999 |
|
|
|c 9998
|d 9998
|
| 952 |
|
|
|0 0
|1 0
|2 ddc
|4 0
|6 537_SAD_200700000000000
|7 0
|9 12984
|a BRACUL
|b BRACUL
|c GEN
|d 2010-11-01
|e Essence Science Publications
|g 543.00
|l 82
|m 289
|o 537 SAD
|p 3010016959
|r 2025-10-28
|s 2025-10-12
|t 1
|w 2010-11-01
|y BK
|x Requisitioned by Iftekhar Mohammad Shafiqul Kalam, Faculty member of Mathematics and Natural Sciences (MNS).
|